• 首页
  • 本馆介绍
  • 公告通知
  • 最新文献
  • 馆藏检索
  • 电子资源
  • 读者导购
  • 参考咨询
  • 我的图书馆
  • 登录
  • 详细信息显示
  • 放入我的书架
  • 预约/预借图书
  • 作者相关作品
  • 分类相关作品
  • 丛书相关作品
  • 出版社相关作品

书目信息

  • 表格格式
  • 工作单格式
  • 卡片格式
题名:
空间解析几何引论
    
 
作者: ;南开大学数学系《空间解析几何引论》 编写组 编
分册: 上册  
出版信息: 北京   人民教育出版社  1978
页数: 170页
开本: 19cm
丛书名:
单 册:
中图分类: O182.2
科图分类:
主题词: 立体几何:解析几何--高等学校--教材 , 解析几何:立体几何--高等学校--教材
电子资源:
ISBN:
000 00962nam0 2200265 45
001 0178005860
005 20070922101750.78
010    @dCNY0.60
091    @b13012.0176
100    @a19950725d1978 em y0chiy0121 ea
101 0  @achi
102    @aCN@b110000
105    @ay z 000yy
200 10 @a空间解析几何引论@Akong jian jie xi ji he yin lun@h上册@f南开大学数学系《空间解析几何引论》 编写组编@Fnan kai da xue shu xue xi《kong jian jie xi ji he yin lun》bian xie zu bian
210    @a北京@c人民教育出版社@d1978
215    @a170页@d19cm
300    @a高等学校试用教材
300    @a附录Ⅰ线性方程组与行列式
300    @a附录Ⅱ二阶曲线的一般理论
606    @a立体几何:解析几何@x高等学校@x教材
606    @a解析几何:立体几何@x高等学校@x教材
690    @aO182.2@v3
711  0 @a南开大学数学系《空间解析几何引论》 编写组@Anan kai da xue shu xue xi《kong jian jie xi ji he yin lun》bian xie zu@4编
801  0 @aCN@bNLC@c20070922
905    @dO182.2@e13:1
    
    空间解析几何引论.上册/南开大学数学系《空间解析几何引论》 编写组编.-北京:人民教育出版社,1978
    170页;19cm
    高等学校试用教材.-附录Ⅰ线性方程组与行列式.-附录Ⅱ二阶曲线的一般理论
    
    ISBN :CNY0.60
    
●
相关链接 在E读中查询图书 在五车中查询图书 在当当中查询图书 在豆瓣中查询图书


正题名:空间解析几何引论     索取号:O182.2/13:1         预约/预借

序号 登录号 条形码 馆藏地/架位号 状态 备注
1 0002972   000398901   第三借阅区/ [索取号:O182.2/13:1] 在馆    
2 0002973   202287471   密集书库/ [索取号:O182.2/13:1] 在馆    
3 0045269   202287435   密集书库/ [索取号:O182.2/13:1] 在馆    
4 0045270   000398894   第二样本阅览室/ [索取号:O182.2/13:1] 在馆    
5 0111403   000398974   第三借阅区/ [索取号:O182.2/13:1] 在馆    
6 0111404   001932895   第三借阅区/ [索取号:O182.2/13:1] 在馆    
7 0111405   202287462   密集书库/ [索取号:O182.2/13:1] 在馆    
8 0130865   202287391   密集书库/ [索取号:O182.2/13:1] 在馆    
9 0130866   202287426   密集书库/ [索取号:O182.2/13:1] 在馆    
10 0429622   204296225   密集书库/ [索取号:O182.2/13:1] 在馆    
11 0429623   204296234   密集书库/ [索取号:O182.2/13:1] 在馆    
12 0454402   204544029   密集书库/ [索取号:O182.2/13:1] 在馆    
13 0454403   204544038   密集书库/ [索取号:O182.2/13:1] 在馆    
14 0454627   204546278   密集书库/ [索取号:O182.2/13:1] 在馆    
15 0454628   204546287   密集书库/ [索取号:O182.2/13:1] 在馆    
16 0454810   204548105   密集书库/ [索取号:O182.2/13:1] 在馆    
17 0454811   204548114   密集书库/ [索取号:O182.2/13:1] 在馆    
18 0454812   204548123   密集书库/ [索取号:O182.2/13:1] 在馆    
19 0454813   204548132   密集书库/ [索取号:O182.2/13:1] 在馆    
20 0454814   204548141   密集书库/ [索取号:O182.2/13:1] 在馆    
21 0454815   204548150   密集书库/ [索取号:O182.2/13:1] 在馆    
22 0454816   204548169   密集书库/ [索取号:O182.2/13:1] 在馆    
23 0462029   204620295   密集书库/ [索取号:O182.2/13:1] 在馆    
24 0609352   206093528   密集书库/ [索取号:O182.2/13:1] 在馆    
25 0767347   207673472   密集书库/ [索取号:O182.2/13:1] 在馆    
唐山师范学院图书馆 欢迎您!
大连网信软件有限公司© 版权所有